• 首页
  • 本馆介绍
  • 公告通知
  • 最新文献
  • 馆藏检索
  • 电子资源
  • 读者导购
  • 参考咨询
  • 我的图书馆
  • 登录
  • 详细信息显示
  • 放入我的书架
  • 预约/预借图书
  • 作者相关作品
  • 分类相关作品
  • 丛书相关作品
  • 出版社相关作品

书目信息

  • 表格格式
  • 工作单格式
  • 卡片格式
题名:
录音机的原理及使用常识
    
 
作者: 肖和祥 编著
分册:  
出版信息: 北京   科学普及出版社  1983
页数: 179页
开本: 19cm
丛书名: 电子应用技术丛书
单 册:
中图分类: TN646 , TN912.22
科图分类:
主题词: 录音机 , 电声器件
电子资源:
ISBN:
000 00754nam2 2200277 45
001 0183005119
005 20060927151136.93
010    @dCNY0.56
091    @a15051.1075
100    @a19950627d1983 em y0chiy0121 ea
101 0  @achi
102    @aCN@b110000
105    @ay z 000yy
200 10 @a录音机的原理及使用常识@Alu yin ji de yuan li ji shi yong chang shi@f肖和祥等编著
210    @a北京@c科学普及出版社@d1983
215    @a179页@d19cm
225 2  @a电子应用技术丛书@v2
410  0 @120010@a电子应用技术丛书
606    @a录音机
606 0  @a电声器件
690    @aTN646@v3
690    @aTN912.22@v3 
701  0 @a肖和祥@Axiao he xiang@4编著
801  2 @aCN@bNLC@c20060927
801  0 @aCN@b上海图书馆@c20040524
905    @dTN646@e16:2
    
    录音机的原理及使用常识/肖和祥等编著.-北京:科学普及出版社,1983
    179页;19cm.-(电子应用技术丛书;2)
    
    
    ISBN :CNY0.56
    
●
相关链接 在E读中查询图书 在五车中查询图书 在当当中查询图书 在豆瓣中查询图书


正题名:录音机的原理及使用常识     索取号:TN646/16:2         预约/预借

序号 登录号 条形码 馆藏地/架位号 状态 备注
1 0148546   001235489   第三借阅区/ [索取号:TN646/16:2] 在馆    
2 0422924   204229245   密集书库/ [索取号:TN646/16:2] 在馆    
3 0422925   204229254   密集书库/ [索取号:TN646/16:2] 在馆    
唐山师范学院图书馆 欢迎您!
大连网信软件有限公司© 版权所有